000 00552nam a22002057a 4500
003 CEME
005 20210628210006.0
008 210201b xxu||||| |||| 00| 0 eng d
020 _a0-471-42977-5
040 _c.
082 _a006.4 STO
100 _aStork, David.G
_977751
245 _aPattern classification,computer manual in matlab to accompany
250 _a2ND
260 _aNEW YROK
_bJOHN WILEY
_c2004
300 _aIX,134P
650 _aPATTERN CLASSIFICATION WITH MATLAB
_977752
700 _aYOM-TOV, ELAD
_977753
942 _cBK
_2ddc
999 _c582968
_d582968